| 000 | 00441nam a2200157Ia 4500 | ||
|---|---|---|---|
| 008 | 230312s9999||||xx |||||||||||||| ||und|| | ||
| 020 | _a0-07-213368-6 | ||
| 082 |
_a658.80285 _bCRO-A |
||
| 100 | _aCathy Cronkhite | ||
| 245 | 0 | _aAccess Denied The Complete Guide to Protecting your Business Online | |
| 260 |
_bMcGraw Hill _aUSA _c2001 |
||
| 300 | _a283 | ||
| 546 | _aEng. | ||
| 650 |
_aAccounting _vTypes of Hackers |
||
| 942 | _cBK | ||
| 999 |
_c191 _d191 |
||